000 00557nam a2200205Ia 4500
003 OSt
005 20230515152719.0
008 210423s2010 xx 000 0 und d
020 _a9788191016505
040 _cAL
041 _aeng
082 _a570.028 RAJS
_223
100 _aRAJAN (S);CHRISTY (R Selvi).
_9104070
245 _aExperimental procedures in life sciences.
260 _aChennai
_bAnjanaa Book House
_c2010
300 _aviii,552
_bPB
365 _b350
_cINR
906 _aExperimental ; life ; procedures ; sciences.
942 _2ddc
_cBK
999 _c164715
_d164715